00613nam a22001697a 4500020001800000040000900018082001700027100002900044110002800073245006600101250001600167260004700183650007400230942001200304999001900316952010800335 a9781566764339 cNust a620.118bCAR aLeif A. Carlsson9124608 aR. Bayron Pipes9124609 aExperimental Characterization of advanced Composite Materials a2nd Edition aUSA:bTechnomic Publishing Company,c1997. aExperimental Characterization of advanced Composite Materials9124610 2ddccBK c610419d610419 00102ddc4070aCEMEbCEMEcGENd2024-07-19l0o620.118 CARpCEME- 40855r2024-07-19w2024-07-19yBK